Teofanía
Saved in:
| Main Author: | |
|---|---|
| Format: | Book |
| Language: | Spanish |
| Published: |
Buenos Aires
EUDEBA
1968
|
| Series: | Colección Lectores de Eudeba, 95
|
| Subjects: | |
| Tags: |
Add Tag
No Tags, Be the first to tag this record!
|
MARC
| LEADER | 00000nam a2200000 a 4500 | ||
|---|---|---|---|
| 001 | UCZ3099 | ||
| 003 | CL-VaPUC | ||
| 008 | 951020e19680000AG |||||||||||||||||spa|d | ||
| 082 | 0 | 4 | |a 292.08 |b OTT |2 21 |
| 100 | |a Otto, Walter F. |e autor |9 592531 | ||
| 245 | 1 | 0 | |a Teofanía |
| 246 | 1 | 3 | |a El espíritu de la antigua religión griega |
| 300 | |a 156 p | ||
| 942 | |c BK | ||
| 945 | |d 19951020 00:00:00 |a rbrito | ||
| 260 | |a Buenos Aires |b EUDEBA |c 1968 | ||
| 600 | 0 | 7 | |a TEOFANIA |2 CL-VaPUC |9 346897 |
| 650 | 7 | |a DIOSES GRIEGOS |2 CL-VaPUC |9 319074 | |
| 650 | 0 | |a Religión |9 255164 | |
| 650 | 0 | |a Mitología griega |9 265313 | |
| 651 | 0 | |a Grecia |9 265314 | |
| 583 | |a last modification |c 19951020 00:00:00 |k Rodrigo Vera | ||
| 490 | 0 | |a Colección Lectores de Eudeba, 95 | |
| 999 | |c 239621 |d 239619 | ||